Intelligent vision systems for industry / (Record no. 533)

MARC details
000 -LEADER
fixed length control field 00804pam a2200265 a 4500
001 - CONTROL NUMBER
control field 4472396
003 - CONTROL NUMBER IDENTIFIER
control field OSt
005 - DATE AND TIME OF LATEST TRANSACTION
control field 20250420134814.0
008 - FIXED-LENGTH DATA ELEMENTS--GENERAL INFORMATION
fixed length control field 961126s1997 enka b 001 0 eng
010 ## - LIBRARY OF CONGRESS CONTROL NUMBER
LC control number 96037943
020 ## - INTERNATIONAL STANDARD BOOK NUMBER
International Standard Book Number 9783540199694
040 ## - CATALOGING SOURCE
Original cataloging agency DLC
Transcribing agency KCST
050 00 - LIBRARY OF CONGRESS CALL NUMBER
Classification number TA1634
Item number .B37 1997
082 00 - DEWEY DECIMAL CLASSIFICATION NUMBER
Classification number 670.427
Edition information 21
Item number Ba In
100 1# - MAIN ENTRY--PERSONAL NAME
Personal name Batchelor, Bruce G.
9 (RLIN) 4850
245 10 - TITLE STATEMENT
Title Intelligent vision systems for industry /
Statement of responsibility, etc. Bruce G. Batchelor and Paul F. Whelan.
260 ## - PUBLICATION, DISTRIBUTION, ETC.
Place of publication, distribution, etc. London ;
-- New York :
Name of publisher, distributor, etc. Springer,
Date of publication, distribution, etc. c1997.
300 ## - PHYSICAL DESCRIPTION
Extent xxi, 457 p. :
Other physical details ill. (some col.) ;
Dimensions 25 cm.
504 ## - BIBLIOGRAPHY, ETC. NOTE
Bibliography, etc. note Includes bibliographical references and index.
650 #0 - SUBJECT ADDED ENTRY--TOPICAL TERM
Topical term or geographic name entry element Computer vision.
9 (RLIN) 407
650 #0 - SUBJECT ADDED ENTRY--TOPICAL TERM
Topical term or geographic name entry element Image processing.
9 (RLIN) 4851
700 1# - ADDED ENTRY--PERSONAL NAME
Personal name Whelan, Paul F.,
Dates associated with a name 1963-
9 (RLIN) 4852
942 ## - ADDED ENTRY ELEMENTS (KOHA)
Koha item type Book
942 ## - ADDED ENTRY ELEMENTS (KOHA)
Source of classification or shelving scheme Dewey Decimal Classification
Holdings
Withdrawn status Lost status Source of classification or shelving scheme Damaged status Not for loan Home library Current library Date acquired Source of acquisition Cost, normal purchase price Total checkouts Full call number Barcode Date last seen Price effective from Koha item type
    Dewey Decimal Classification     KCST Library KCST Library 29/07/2020 Unknown 0.00   670.427 Ba In 1000000427 29/07/2020 29/07/2020 Book
© 2025 KCST. All rights reserved